[Event "Box Hill op"]
[Site "Box Hill"]
[Date "2001.10.05"]
[Round "5.17"]
[White "Muthusamy, Reubban"]
[Black "Turner, Adrian E"]
[Result "1/2-1/2"]
[WhiteElo "1182"]
[BlackElo "1682"]
[PlyCount "34"]
[EventDate "2001.09.??"]
[EventType "swiss"]
[EventRounds "7"]
[EventCountry "AUS"]
[SourceTitle "EXT 2003"]
[Source "ChessBase"]
[SourceDate "2002.11.25"]
[SourceVersion "1"]
[SourceVersionDate "2002.11.25"]
[SourceQuality "1"]

1. e4 e5 2. Nf3 Nf6 3. d3 Nc6 4. Nc3 d5 5. Bg5 Bb4 6. Bxf6 gxf6 7. exd5 Qxd5 8. Qd2 Qa5 9. Be2 Bg4 10. a3 Bxc3 11. Qxc3 Qxc3+ 12. bxc3 0-0-0 13. 0-0 Rhg8 14. Kh1 Ne7 15. h3 Be6 16. Nh4 Ng6 17. Nxg6 fxg6 1/2-1/2

[Event "Box Hill CC-ch"]
[Site "Box Hill"]
[Date "2000.06.02"]
[Round "5.48"]
[White "Turner, Adrian E"]
[Black "Kable, John Richard"]
[Result "1/2-1/2"]
[WhiteElo "1801"]
[BlackElo "1674"]
[PlyCount "39"]
[EventDate "2000.??.??"]
[EventType "swiss"]
[EventRounds "9"]
[EventCountry "AUS"]
[SourceTitle "EXT 2003"]
[Source "ChessBase"]
[SourceDate "2002.11.25"]
[SourceVersion "1"]
[SourceVersionDate "2002.11.25"]
[SourceQuality "1"]

1. e4 e5 2. Bc4 Nf6 3. d3 Bc5 4. Nf3 Nc6 5. Be3 Bb6 6. Nc3 d6 7. Bxb6 axb6 8. h3 0-0 9. 0-0 Ne7 10. d4 exd4 11. Qxd4 Ra5 12. Nd5 Nfxd5 13. Bxd5 Ng6 14. Rfe1 c6 15. Bc4 Rh5 16. Rad1 Bxh3 17. Qxd6 Qc8 18. Qg3 Bg4 19. Be2 Re8 20. Nh2 1/2-1/2

[Event "Box Hill CC-ch"]
[Site "Box Hill"]
[Date "2000.05.19"]
[Round "3.10"]
[White "Nemeth, Laszlo"]
[Black "Turner, Adrian E"]
[Result "1/2-1/2"]
[WhiteElo "1551"]
[BlackElo "1801"]
[PlyCount "62"]
[EventDate "2000.??.??"]
[EventType "swiss"]
[EventRounds "9"]
[EventCountry "AUS"]
[SourceTitle "EXT 2003"]
[Source "ChessBase"]
[SourceDate "2002.11.25"]
[SourceVersion "1"]
[SourceVersionDate "2002.11.25"]
[SourceQuality "1"]

1. d4 d5 2. e3 Nf6 3. c4 c6 4. a4 Nbd7 5. Nc3 e6 6. Nf3 Bb4 7. Bd2 0-0 8. Bd3 Qe7 9. 0-0 dxc4 10. Bxc4 e5 11. dxe5 Nxe5 12. Nxe5 Qxe5 13. Qb3 a5 14. Rad1 Ng4 15. f4 Qh5 16. h3 Nf6 17. Rf3 Bd7 18. Rg3 Qc5 19. Rg5 Qa7 20. Qc2 Rae8 21. Re1 Be6 22. Bd3 h6 23. Rg3 Be7 24. Kh1 Nd5 25. Nxd5 cxd5 26. f5 Bd7 27. Rf1 Bf6 28. e4 dxe4 29. Bxe4 Kh8 30. Bc3 Qa6 31. Bd3 Qb6 1/2-1/2